Optimization of culture conditions of Streptomyces antibioticus strain 1083 to improve the antimicrobial activity against Aeromonas hydrophila /

में बचाया:
ग्रंथसूची विवरण
मुख्य लेखक: Nguyen Xuan Canh.
अन्य लेखक: Nguyen Thanh Huyen., Nguyen Thi Thanh Mai., Pham Le Anh Minh., Tran Bao Tram., Tran Thi Thu Hien.
स्वरूप: लेख
भाषा:Vietnamese
विषय:
टैग : टैग जोड़ें
कोई टैग नहीं, इस रिकॉर्ड को टैग करने वाले पहले व्यक्ति बनें!
Thư viện lưu trữ: Thư viện Trường Đại học Đà Lạt
LEADER 01056nam a2200325 4500
001 DLU200195508
005 ##20201231
040 # # |a DLU  |b vie 
041 # # |a vie 
044 # # |a vn 
100 # # |a Nguyen Xuan Canh. 
245 # # |a Optimization of culture conditions of Streptomyces antibioticus strain 1083 to improve the antimicrobial activity against Aeromonas hydrophila /  |c Nguyen Xuan Canh, ...[et al.]. 
653 # # |a Aeromonas hydrophila 
653 # # |a Antimicrobial activity 
653 # # |a Streptomyces antibioticus 
700 # # |a Nguyen Thanh Huyen. 
700 # # |a Nguyen Thi Thanh Mai. 
700 # # |a Pham Le Anh Minh. 
700 # # |a Tran Bao Tram. 
700 # # |a Tran Thi Thu Hien. 
773 # # |t Tạp chí Công nghệ Sinh học  |g Số 16(4), 2018, tr. 713-719 
920 # # |a Phòng Tạp chí -- Trung tâm Thông tin - Thư viện Trường Đại học Đà Lạt 
994 # # |a DLU 
900 # # |a True 
911 # # |a Hoàng Thị Huyền 
925 # # |a G 
926 # # |a A 
927 # # |a BB 
980 # # |a Thư viện Trường Đại học Đà Lạt